000 00594nam a22002057a 4500
003 koha_MIRAKIL
005 20231213100442.0
008 231213b |||||||| |||| 00| 0 ||| d
020 _b9-75140601-3
040 _aTR-IsEVY
_btur
_cTR-IsEVY
082 _a813.42 UZU/İ
100 _aUzuner, Buket. 1955-...
245 0 _aİki yeşil su samuru
_banneleri, babaları, sevgilileri ve diğerleri
250 _a18. bs.
260 _bRemzi Kitabevi :
_c1997
300 _a275 s.
650 _aRoman. -- Turkish fiction
650 _aTürk edebiyatı -- Turkish literature
942 _2ddc
_cBK
999 _c20172
_d20172